000 00481nam a2200169 i 4500
001 130228
003 ES-MaACL
005 20230906193657.0
007 t|
008 070724s1959 sp ||||1| spa d
100 1 _aZabala, Jaime.
_9117782
245 1 3 _aEl cooperativismo agrario de Zúñiga en su órbita /
_cJaime Zabala.
260 _aPamplona :
_bGómez,
_c[1959]
300 _a72 p. ;
_c20 cm.
650 1 4 _aCooperativismo.
_911357
852 _aES-MaACL
_jC-18187
_bR.46267
999 _c130228
_d130228